00514cam a22002171 4500001001300000003000400013005001700017008004100034010001700075035002000092040001800112042001200130050001700142100002800159245002600187260001100213300001900224500001400243650002200257999001700279sa 63002100 DLC20260227111932.0891031s1962 ii 000 0 hino  asa 63002100  a(OCoLC)20578004 aDLCcWaUdDLC apremarc00aPK2032b.B481 aBhushan, Bharat,d1949-10aSāhityika nibandha. c[1962] a275 p.c23 cm. aIn Hindi. 0aHindi literature. c54319d54319